000
00250 a2200085 4500
020
_a
9781604693126
100
_a
Karla Dakin, Lisa Lee Benjamin and Mindy Pantiel
245
_a
The Professional Design Guide to Green Roofs
260
_b
Timber Press
_c
2013
999
_c
13297
_d
13297